000 01200nam a22001817a 4500
999 _c63444
_d63444
003 Ge_BSU
005 20251010155050.0
008 251010s1984 ge ||||| |||| 00| 0 geo d
041 _ageo
080 _a338(479.223) ა-97
245 _aაჭარის ასსრ სახალხო მეურნეობის ზოგიერთი დარგის განვითარების სოციალურ-ეკონომიკური პრობლემები /
_cრედაქტორი კ. ღლონტი.
264 _aთბილისი :
_bმეცნიერება,
_c1984.
300 _a98 გვ. ;
_b20 სმ.
500 _aეძღვნება საქ. სსრ მეცნიერებათა აკადემიის ნ. ბერძენიშვილის სახელობის ბათუმის სამეცნიერო- კვლევითი ინსტიტუტის 25 წლისთავს
653 _aაჭარის სახალხო მეურნეობა
700 _aღლონტი, კ.
_eრედაქტორი
_926009
942 _2udc
_cᲬᲘᲒᲜᲘ